| 000 | 01927nam0a2200361 i 4500 | ||
|---|---|---|---|
| 001 | RU\NLR\BIBL_A\010200105 | ||
| 005 | 20240921123836.0 | ||
| 010 |
_a9785000230657 _9250 |
||
| 021 |
_aRU _b13-106672 |
||
| 035 | _a(NILC)RuMoRGB-006723714 | ||
| 035 | _a(NLR Aleph) 010200105 | ||
| 090 |
_a10239316 _c10239316 |
||
| 100 | _a20140304d2013 k y0rusy50 ca | ||
| 101 | 0 | _arus | |
| 102 | _aRU | ||
| 105 | _ay|||z|||1|||| | ||
| 200 | 1 |
_aБотаническое образование в России: прошлое, настоящее, будущее _eматериалы I Всероссийской научно-практической конференции (Новосибирск, 13-15 мая 2013 года) _f[редкол.: ... О.А. Белозерцева (отв. ред.) и др.] |
|
| 210 |
_aНовосибирск _cНГПУ _d2013 |
||
| 215 |
_a223, [1] с. _d21 |
||
| 300 | _aВ надзаг.: М-во образования и науки РФ, ФГБОУ ВПО "Новосиб. гос. пед. ун-т", ФГБУН "Центр. сиб. ботан. сад" СО РАН | ||
| 320 | _aБиблиогр. в конце докл. | ||
| 606 |
_aБотаническое образование _jСъезды, совещания и т.п. _92344079 _3RU\NLR\AUTH\661400916 |
||
| 675 | _a58(082) | ||
| 686 | 1 | _aЧ458.5я431 | |
| 702 | 1 |
_aБелозерцева _bО. А. _4340 |
|
| 711 | 1 | 2 |
_a"Ботаническое образование в России: прошлое, настоящее, будущее", всероссийская научно-практическая конференция _d1 _eНовосибирск _f2013 _9394037 _3RU\NLR\AUTH\880363505 |
| 801 | 0 |
_aRU _bRuMoRKP _c20131230 _gRCR |
|
| 801 | 2 |
_aRU _bРГБ _c20140214 _grcr |
|
| 801 | 1 |
_aRU _bRuMoRKP _c20131230 _2rusmarc |
|
| 942 | _cBOOK | ||
| 980 | _aNBR | ||